000 00604nam a2200205Ia 4500
001 16937
003 GE_BSU
008 181216s||||||||xx |||||||||||||| ||und||
040 _cGE_BSU
080 _a821.353.1-4
100 _aკასაბაშვილი-ბახტაძე, გ.
245 _aღამის მაყარი
245 _cრედ.გრ.ჩიქოვანი
260 _aთბილისი
260 _bსაბჭ. მწერალი
260 _c1959
300 _a102 გვ. ; 15 სმ
653 _aღამის მაყარი
942 _cBK
999 _c50000
_d50000